Германските генерали говорят (Запис номер 414061)
[ съкратено ]
| 000 -Лидер | |
|---|---|
| Контролно поле с фиксирана дължина | 01671nam a2200349 c 4500 |
| 003 - Код на организацията, давaща контролен номер | |
| Контролно поле | BLK |
| 005 - Дата и час на последна редакция | |
| Контролно поле | 20250530142033.0 |
| 008 - Елементи от данни с фиксирана дължина | |
| fixed length control field | 180409b bul|||||r ||||||| ||bul|| |
| 010 ## - Наследен системен номер | |
| LC control number | KNG00117671000 |
| 020 ## - Международен стандартен номер на книга ISBN | |
| Международен стандартен номер на книга ISBN | 9786190106487 |
| 040 ## - Източник на каталожния запис | |
| Идентификатор на билиотеката - собственик на записа | BLK |
| 041 ## - Код за език | |
| Код за езика на текст/звукозапис или на отделно заглавие | Български |
| Код за езика КДБФ | Български |
| 080 ## - УДК | |
| Текстов определител УДК | Военна история - Военни походи, битки, героични подвизи. Вж и 93/99 |
| УДК код - определител по УДК | 355.48 |
| УДК определител | (100)"1939/45" |
| УДК - код + определител | 355.48(100)"1939/45" |
| 080 ## - УДК | |
| Текстов определител УДК | История на Втората световна война (1939-1945) |
| УДК код - определител по УДК | 940.53 |
| УДК - код + определител | 940.53 |
| 100 1# - Редна дума - Автор | |
| Автор | Лидъл Харт, Базил Хенри |
| Авторска отговорност | първи автор |
| R(LIN) | 312487 |
| 139 ## - Редно поле | |
| Редна дума | Лидъл Харт, Базил Хенри |
| Авторски знак | Лид - Л 55 |
| 245 ## - Сведения за заглавието | |
| Заглавие | Германските генерали говорят |
| Редно поле (дума) | Базил Лидъл Харт ; прев. от англ. Аглика Маркова |
| Подзаглавни данни | Войната през погледа на висшите офицери от щаба на Хитлер |
| 257 ## - Страна на издаване | |
| Страна на създаване/издаване | Великобритания |
| 260 ## - Област на издателските данни | |
| Име на издателя, разпространителя и проч. | Изток-Запад |
| Година на издаване | 2020 |
| 9 (RLIN) | 210881 |
| Място на издаване, разпространение и проч. | София |
| Издателство - префикс ISBN | 978-619-01- ; 978-619-152- ; 978-954-321- ; 954-8945- |
| 300 ## - Физическа характеристика | |
| Страници | 336 с. |
| Размери/Мащаб | 24 см |
| 380 ## - Жанр | |
| Жанр | История |
| 650 #4 - Допълнително описание по предмет – тема | |
| Основно описание – тема или топоним | Втора световна война - история |
| 9 (RLIN) | 276224 |
| 653 ## - Ключова дума – ненормативна | |
| Ключова дума | Втора световна война |
| 653 ## - Ключова дума – ненормативна | |
| Ключова дума | история |
| 653 #7 - Ключова дума – ненормативна | |
| Ключова дума | Хитлер |
| 9 (RLIN) | 200006 |
| 700 ## - Други автори (авторска отговорност) | |
| Лично име | Маркова, Аглика Йосифова |
| Автороска отговорност (Описва отношението между автора и произведението) | прев. от англ. |
| 9 (RLIN) | 403339 |
| 852 ## - Местоположение | |
| Форматна сигнатура | Цб 305146 |
| Фондова буква | Хранилище |
| 852 ## - Местоположение | |
| Фондова буква | Заемна - подръчен фонд |
| Систематично-азбучна сигнатура | 355.48/Л 55 Б |
| 942 ## - АРТИКУЛИ | |
| Вид на библиотечния материал | Книги |
| Скрит в OPAC | Не |
| Koha issues (borrowed), all copies | 6 |
| Периодичен библиозапис | Да |
| 944 ## - СЪЗДАВАНЕ И РЕДАКЦИЯ на ЗАПИСА | |
| Създаване/Редакция | Създаване |
| Дата на регистрацията/редакция | 2021-05-14 |
| Служител, извършил регистрацията/редакцията | 30576 |
| Статус, дата на статуса | Цветомила Тодорова |
| 944 ## - СЪЗДАВАНЕ И РЕДАКЦИЯ на ЗАПИСА | |
| Създаване/Редакция | Редакция |
| Дата на регистрацията/редакция | 2025-01-07 |
| Служител, извършил регистрацията/редакцията | М.Я. |
| 999 ## - СИСТЕМНИ КОНТРОЛНИ НОМЕРА | |
| Koha biblionumber | 414061 |
| Koha biblioitemnumber | 414061 |
| Код за отписване | Код за изгубен артикул | Източник на класификационната схема | Код за повреда | Коз за рестрикции | Код за отдаване | Артикулен № | Име на библиотеката - собственик | Име на библиотеката, в която се намира в момента | Статус (Текущо местоположение) | Дата на вписване в системата | Местоположение - отдел | Цена в лева | Систематично азбучна сигнатура | Баркод | Цена в евро | Служебен тип на артикула | Инвентарен номер |
|---|---|---|---|---|---|---|---|---|---|---|---|---|---|---|---|---|---|
| Не е изгубен | Universal Decimal Classification | Не е повреден | само за читалня | ползва се в читалня | 830105 | Регионална библиотека "Любен Каравелов" Русе | Регионална библиотека "Любен Каравелов" Русе | Хранилище | 2021-05-17 | Хранилище | 22.00 | Цб 305146 | 120000854281 | 11.25 | Книги | ||
| Не е изгубен | Universal Decimal Classification | Не е повреден | заемане за дома | 957679 | Регионална библиотека "Любен Каравелов" Русе | Регионална библиотека "Любен Каравелов" Русе | Заемна - подръчен фонд | 2025-01-08 | Заемна - подръчен фонд | 20.00 | 355.48/Л 55 Б | 120000916460 | 10.23 | Книги | 120000916460 |